[Event "DEM U10 2011"]
[Site "Oberhof GER"]
[Date "2011.06.13"]
[Round "4"]
[White "Santos, Leonardo"]
[Black "Piskaykin, Bogdan"]
[Result "0-1"]
[Termination "normal"]
[Board "23"]
[WhiteElo "1100"]
[BlackElo "1329"]
[PlyCount "72"]
[WhiteFideId "12965049"]
[BlackFideId "12941212"]
[EventCountry "GER"]
[EventRounds "11"]
[EventType "swiss"]
[EventDate "2011.06.11"]

1. e4 c5 2. Nf3 d6 3. d4 cxd4 4. Nxd4 Nf6 5. Nc3 a6 6. Bc4 e6 7. O-O Be7 8. f4
b5 9. Bb3 Bb7 10. f5 e5 11. Nf3 Nxe4 12. Nxe4 Bxe4 13. Be3 Nd7 14. Bd5 Bxd5 15.
Qxd5 Rc8 16. c3 O-O 17. Kh1 Nb6 18. Bxb6 Qxb6 19. Rg1 Rc5 20. Qd3 Bf6 21. g4
Qc6 22. Rae1 Re8 23. Qe2 e4 24. Qe3 Bxc3 25. bxc3 Rxc3 26. Nd4 Qc5 27. Qf2 Re5
28. Qh4 Re8 29. Rxe4 Qd5 30. Rge1 Rxe4 31. Qd8+ Re8+ 32. Kg1 Qxd4+ 33. Kf1 Rf3+
34. Kg2 Qf2+ 35. Kh1 Qxe1+ 36. Kg2 Qf1# 0-1

[Event "DEM U10 2011"]
[Site "Oberhof GER"]
[Date "2011.06.13"]
[Round "4"]
[White "Yankelevich, Michael"]
[Black "Niemann, Alexander"]
[Result "0-1"]
[Termination "normal"]
[Board "24"]
[WhiteElo "1083"]
[BlackElo "1311"]
[PlyCount "78"]
[WhiteFideId "12921440"]
[BlackFideId "12939862"]
[EventCountry "GER"]
[EventRounds "11"]
[EventType "swiss"]
[EventDate "2011.06.11"]

1. e4 c5 2. Nf3 d6 3. Nc3 Nf6 4. d3 g6 5. g3 Bg7 6. Bg2 Nc6 7. O-O O-O 8. Be3
Bd7 9. Ne1 Qc8 10. f4 Ng4 11. Qe2 Nxe3 12. Qxe3 Bd4 13. Qxd4 Nxd4 14. Nd5 Nc6
15. c3 Bh3 16. b4 cxb4 17. cxb4 b5 18. Nc2 Bxg2 19. Kxg2 e6 20. Nc3 Ne7 21.
Nxb5 Qxc2+ 22. Kg1 Qc6 23. Nd4 Qb6 24. Kg2 Qxd4 25. b5 Qxd3 26. Kg1 Rfc8 27.
Rad1 Qe3+ 28. Kg2 Rc2+ 29. Kh3 Rf2 30. Rfe1 Qxe1 31. Rxe1 h5 32. Rd1 d5 33. e5
Rc8 34. a4 Rcc2 35. Rh1 Nf5 36. a5 Rb2 37. b6 axb6 38. axb6 Rxb6 39. g4 Rb3#
0-1

[Event "DEM U10 2011"]
[Site "Oberhof GER"]
[Date "2011.06.13"]
[Round "4"]
[White "Hoffmann, Lennard"]
[Black "Stein, Robert"]
[Result "1-0"]
[Termination "normal"]
[Board "25"]
[WhiteElo "1044"]
[BlackElo "1292"]
[PlyCount "97"]
[WhiteFideId "12943495"]
[BlackFideId "12921084"]
[EventCountry "GER"]
[EventRounds "11"]
[EventType "swiss"]
[EventDate "2011.06.11"]

1. c4 c5 2. Nc3 Nc6 3. Nf3 Nf6 4. g3 g6 5. Bg2 Bg7 6. O-O O-O 7. d4 cxd4 8.
Nxd4 Nh5 9. Nf3 d6 10. Bg5 Nf6 11. Qd2 Be6 12. b3 Qd7 13. Bh6 Bh3 14. Qg5 Bxg2
15. Kxg2 Qg4 16. Bxg7 Qxg5 17. Nxg5 Kxg7 18. f4 Nd4 19. e3 Nc2 20. Rae1 Nxe1+
21. Rxe1 a6 22. e4 b5 23. e5 dxe5 24. fxe5 Nd7 25. e6 f6 26. exd7 fxg5 27.
Rxe7+ Rf7 28. Rxf7+ Kxf7 29. Nd5 Ke6 30. Nc7+ Kxd7 31. Nxa8 Kc6 32. cxb5+ axb5
33. Kf3 h5 34. h4 Kb7 35. hxg5 b4 36. Ke4 Kc6 37. Kd4 Kb7 38. Kc4 Kxa8 39. Kxb4
Ka7 40. a4 Ka6 41. Kc5 Kb7 42. b4 Kc7 43. a5 Kb7 44. b5 Kc7 45. a6 Kb8 46. b6
Kc8 47. Kc6 Kb8 48. b7 h4 49. Kb6 1-0

[Event "DEM U10 2011"]
[Site "Oberhof GER"]
[Date "2011.06.13"]
[Round "4"]
[White "Schröter, Ron"]
[Black "Ackermann, Constantin"]
[Result "1/2-1/2"]
[Termination "normal"]
[Board "26"]
[WhiteElo "1291"]
[BlackElo "1103"]
[PlyCount "44"]
[WhiteFideId "12941727"]
[EventCountry "GER"]
[EventRounds "11"]
[EventType "swiss"]
[EventDate "2011.06.11"]

1. e4 e5 2. Nf3 Nc6 3. d4 d6 4. d5 Nce7 5. Nc3 Nf6 6. Bg5 Ng6 7. Bb5+ Bd7 8.
Bxf6 gxf6 9. O-O Bxb5 10. Nxb5 c6 11. Nc3 Rg8 12. Ne2 Qd7 13. c4 Nf4 14. Nxf4
exf4 15. dxc6 bxc6 16. Qa4 Ke7 17. Nd4 Rc8 18. Rad1 Qh3 19. Qxa7+ Kd8 20. Qb6+
Ke8 21. g3 fxg3 22. fxg3 Rxg3+ 1/2-1/2

[Event "DEM U10 2011"]
[Site "Oberhof GER"]
[Date "2011.06.13"]
[Round "4"]
[White "Rosenthal, Moritz"]
[Black "Sanati, Charlotte"]
[Result "0-1"]
[Termination "normal"]
[Board "27"]
[WhiteElo "847"]
[BlackElo "1284"]
[PlyCount "122"]
[WhiteFideId "12946338"]
[BlackFideId "12907707"]
[EventCountry "GER"]
[EventRounds "11"]
[EventType "swiss"]
[EventDate "2011.06.11"]

1. e4 e6 2. d4 d5 3. exd5 exd5 4. Bd3 Bd6 5. Ne2 Ne7 6. O-O Bg4 7. h3 Bh5 8.
Bg5 Nd7 9. Nbc3 c6 10. Qd2 Qc7 11. Bf4 Bg6 12. Bxd6 Qxd6 13. Qf4 Qxf4 14. Nxf4
Bxd3 15. Nxd3 O-O-O 16. Ne2 g5 17. c3 h5 18. a4 Rdg8 19. g3 h4 20. g4 f5 21. f3
fxg4 22. fxg4 Rf8 23. Rxf8+ Rxf8 24. Rf1 Rxf1+ 25. Kxf1 Nf6 26. Kg2 Ne4 27. Ng1
Kc7 28. Nf3 Kd6 29. Nde5 Ke6 30. a5 Nc8 31. Kf1 a6 32. Ke2 Ncd6 33. Nd2 Nxd2
34. Kxd2 Ne4+ 35. Ke3 c5 36. Nd3 Kd6 37. Nxc5 Nxc5 38. dxc5+ Kxc5 39. b4+ Kc4
40. Kd2 d4 41. cxd4 Kxd4 42. Ke2 Ke4 43. Kf2 Kf4 44. Kg2 Ke3 45. Kg1 Kf3 46.
Kh2 Kf2 47. Kh1 Kg3 48. Kg1 Kxh3 49. Kh1 Kxg4 50. Kg2 h3+ 51. Kh2 Kh4 52. Kg1
Kg3 53. Kh1 g4 54. Kg1 Kf3 55. Kh1 Kf2 56. Kh2 g3+ 57. Kxh3 g2 58. Kh4 g1=Q 59.
Kh5 Qg7 60. Kh4 Qg6 61. Kh3 Qg3# 0-1

[Event "DEM U10 2011"]
[Site "Oberhof GER"]
[Date "2011.06.13"]
[Round "4"]
[White "Rosenhain, Rachela"]
[Black "ter Stal, Sven"]
[Result "0-1"]
[Termination "normal"]
[Board "28"]
[WhiteElo "1190"]
[BlackElo "1056"]
[PlyCount "62"]
[WhiteFideId "12957615"]
[BlackFideId "12946443"]
[EventCountry "GER"]
[EventRounds "11"]
[EventType "swiss"]
[EventDate "2011.06.11"]

1. e4 c5 2. Nf3 d6 3. d4 cxd4 4. Nxd4 Nf6 5. Nc3 g6 6. Bc4 Bg7 7. Be3 O-O 8. f3
Nc6 9. Qd2 Bd7 10. O-O-O Rc8 11. Bb3 Nxd4 12. Bxd4 b5 13. Bxa7 b4 14. Ne2 Qc7
15. Be3 Be6 16. Kb1 Bxb3 17. cxb3 Qa5 18. a4 Nd7 19. Rc1 Nc5 20. Ka2 Rfd8 21.
Bxc5 dxc5 22. Qe3 Qc7 23. Nf4 Qe5 24. Rc2 Rd4 25. h4 c4 26. Rhc1 cxb3+ 27. Kxb3
Rxc2 28. Rxc2 Bh6 29. g3 Bxf4 30. gxf4 Qe6+ 31. Rc4 Qxc4# 0-1

[Event "DEM U10 2011"]
[Site "Oberhof GER"]
[Date "2011.06.13"]
[Round "4"]
[White "Staufenberger, Philipp"]
[Black "Silber, Kevin"]
[Result "0-1"]
[Termination "normal"]
[Board "29"]
[WhiteElo "1033"]
[BlackElo "1341"]
[PlyCount "112"]
[WhiteFideId "12970883"]
[BlackFideId "12930440"]
[EventCountry "GER"]
[EventRounds "11"]
[EventType "swiss"]
[EventDate "2011.06.11"]

1. e4 c6 2. d4 d5 3. exd5 cxd5 4. Bd3 Nc6 5. c3 Nf6 6. Bf4 e6 7. Nf3 Bd6 8. Ne5
Bd7 9. Nd2 Qc7 10. Qe2 Bxe5 11. Bxe5 Nxe5 12. dxe5 Ng8 13. c4 dxc4 14. Nxc4 Nh6
15. Nd6+ Ke7 16. Qc2 Qxc2 17. Bxc2 Bc6 18. O-O g6 19. Rad1 Rhg8 20. Ne4 Ng4 21.
Rfe1 Nxe5 22. Ng5 Nc4 23. Rd4 h6 24. Ne4 Nb6 25. Nd6 Rad8 26. Red1 Bd5 27. Nb5
a6 28. Nc7 Bc6 29. Rb4 Rxd1+ 30. Bxd1 Nd5 31. Nxd5+ exd5 32. Bb3 Kd6 33. Kf1
Re8 34. Rb6 Kc7 35. Rb4 Bb5+ 36. Rxb5 axb5 37. Bxd5 Re7 38. g3 Kd6 39. Bb3 f5
40. f4 Kc5 41. Bc2 Kd4 42. Kf2 b4 43. Kf3 b5 44. g4 Re3+ 45. Kf2 fxg4 46. Bxg6
Rf3+ 47. Kg2 Rxf4 48. Bh5 Ke3 49. Kg3 Rf2 50. Bxg4 Rxb2 51. Bd7 Rxa2 52. Bxb5
Rd2 53. Ba4 Kd3 54. h4 Kc3 55. Kg4 Rd5 56. Kf4 b3 0-1

[Event "DEM U10 2011"]
[Site "Oberhof GER"]
[Date "2011.06.13"]
[Round "4"]
[White "Schmidt, Sarah"]
[Black "Shoipov, Dennie"]
[Result "0-1"]
[Termination "normal"]
[Board "30"]
[WhiteElo "1032"]
[BlackElo "1336"]
[PlyCount "102"]
[WhiteFideId "12965480"]
[BlackFideId "14137755"]
[EventCountry "GER"]
[EventRounds "11"]
[EventType "swiss"]
[EventDate "2011.06.11"]

1. e4 e5 2. Nf3 Nc6 3. Bb5 Bc5 4. O-O d6 5. Nc3 Nf6 6. Bxc6+ bxc6 7. h3 Be6 8.
d3 O-O 9. Bg5 h6 10. Bh4 Bb6 11. Re1 c5 12. Nd5 Bxd5 13. exd5 c6 14. dxc6 Qe7
15. c3 Ba5 16. d4 cxd4 17. Nxd4 Qd8 18. Nb3 Bb6 19. Qd2 Qe7 20. Rad1 Qe6 21.
Qxd6 Qc4 22. Bxf6 Qf4 23. Re2 Qxf6 24. Qxf6 gxf6 25. Rd6 Kg7 26. Re4 f5 27.
Rxe5 Bc7 28. Rdd5 Bxe5 29. Rxe5 Rfe8 30. f4 Kf6 31. Rxe8 Rxe8 32. a4 Ke7 33.
Na5 Kd6 34. g3 Kc7 35. g4 fxg4 36. hxg4 Rg8 37. b4 Rxg4+ 38. Kf2 Rxf4+ 39. Ke3
Rg4 40. Kf3 f5 41. c4 h5 42. b5 h4 43. c5 h3 44. Nb7 h2 45. Nd6 h1=Q+ 46. Kf2
Rf4+ 47. Ke2 Qf3+ 48. Kd2 Rd4+ 49. Kc2 Qd3+ 50. Kb2 Rb4+ 51. Ka2 Qc2+ 0-1

[Event "DEM U10 2011"]
[Site "Oberhof GER"]
[Date "2011.06.13"]
[Round "4"]
[White "Petersen, Marcel"]
[Black "Weißenburg, Julia"]
[Result "1-0"]
[Termination "normal"]
[Board "31"]
[WhiteElo "1330"]
[BlackElo "995"]
[PlyCount "43"]
[WhiteFideId "12935670"]
[EventCountry "GER"]
[EventRounds "11"]
[EventType "swiss"]
[EventDate "2011.06.11"]

1. e4 c5 2. Nf3 d6 3. d4 cxd4 4. Nxd4 Nf6 5. Nc3 g6 6. Be2 Bg7 7. Be3 O-O 8.
Qd2 Nc6 9. f3 Ne5 10. Bh6 Nh5 11. g4 Bxh6 12. Qxh6 Ng7 13. h4 Bd7 14. h5 Rc8
15. hxg6 fxg6 16. Qxh7+ Kf7 17. Qh2 Nc4 18. Qf4+ Ke8 19. Qg5 e5 20. Qxg6+ Rf7
21. Rh8+ Ke7 22. Nd5# 1-0

[Event "DEM U10 2011"]
[Site "Oberhof GER"]
[Date "2011.06.13"]
[Round "4"]
[White "Ott, Josef Sebastian"]
[Black "Wurst, Maximilian"]
[Result "1-0"]
[Termination "normal"]
[Board "32"]
[WhiteElo "1327"]
[BlackElo "964"]
[PlyCount "105"]
[WhiteFideId "12952079"]
[BlackFideId "12971812"]
[EventCountry "GER"]
[EventRounds "11"]
[EventType "swiss"]
[EventDate "2011.06.11"]

1. e4 e5 2. Nf3 Nc6 3. Bc4 Bc5 4. c3 Nf6 5. d3 d6 6. Bb3 O-O 7. O-O Be6 8. Nbd2
a6 9. h3 h6 10. Re1 Qd7 11. Nf1 Bxb3 12. axb3 Rfe8 13. Ng3 Qe6 14. b4 Ba7 15.
Nf5 Ne7 16. Ng3 Ng6 17. Bd2 Bb6 18. Ra3 Qc8 19. Qa1 Qb8 20. Qa2 Qa7 21. Be3
Bxe3 22. Rxe3 Qb8 23. Re1 Qc8 24. Ra1 c6 25. Nf5 Qe6 26. Qxe6 Rxe6 27. c4 Rb8
28. c5 dxc5 29. bxc5 Nd7 30. b4 Nf6 31. Nd6 Ne8 32. Nf5 Nc7 33. g3 Nb5 34. Rb3
f6 35. Nd2 Ne7 36. Nxe7+ Rxe7 37. Nc4 Nd4 38. Rb2 Ne6 39. Nd6 Nd4 40. Rc1 Nf3+
41. Kg2 Nd4 42. Rh1 Kh7 43. h4 g6 44. Rg1 g5 45. hxg5 hxg5 46. Rh1+ Kg6 47. g4
Ne6 48. Kf3 Nf4 49. Ke3 Ra8 50. f3 Rb8 51. Rbh2 Ree8 52. Rh6+ Kg7 53. Rh7+ 1-0

[Event "DEM U10 2011"]
[Site "Oberhof GER"]
[Date "2011.06.13"]
[Round "4"]
[White "Hausdorf, Lars"]
[Black "Maaß, Timo"]
[Result "1-0"]
[Termination "normal"]
[Board "34"]
[WhiteElo "1198"]
[BlackElo "882"]
[PlyCount "47"]
[WhiteFideId "16200390"]
[EventCountry "GER"]
[EventRounds "11"]
[EventType "swiss"]
[EventDate "2011.06.11"]

1. e4 e5 2. f4 exf4 3. Nf3 Nc6 4. d4 g6 5. Bxf4 d6 6. Bc4 Bg7 7. Nc3 Bd7 8. O-O
Na5 9. Qd3 Nxc4 10. Qxc4 Ne7 11. Ng5 O-O 12. Be3 Bh6 13. Rae1 Bg7 14. Nxf7 Qb8
15. Ne5+ Kh8 16. Nxd7 Qd8 17. Nxf8 Bxf8 18. Bg5 Bg7 19. Qf7 Bf8 20. Nd5 Qe8 21.
Qf6+ Kg8 22. Nxe7+ Bxe7 23. Qxe7 Qxe7 24. Bxe7 1-0

[Event "DEM U10 2011"]
[Site "Oberhof GER"]
[Date "2011.06.13"]
[Round "4"]
[White "Herbert, Fabian"]
[Black "Riegel, Arinna"]
[Result "0-1"]
[Termination "normal"]
[Board "35"]
[WhiteElo "949"]
[BlackElo "1118"]
[PlyCount "110"]
[WhiteFideId "12940402"]
[BlackFideId "12931446"]
[EventCountry "GER"]
[EventRounds "11"]
[EventType "swiss"]
[EventDate "2011.06.11"]

1. e4 e5 2. Nf3 Nc6 3. Bc4 Bc5 4. d3 Nf6 5. Nc3 d6 6. Bg5 h6 7. Bxf6 Qxf6 8.
Nd5 Qd8 9. Qd2 Bg4 10. O-O-O Nd4 11. Rhf1 Bxf3 12. gxf3 Nxf3 13. Qa5 Bb6 14.
Qa3 Qg5+ 15. Kb1 Nd2+ 16. Rxd2 Qxd2 17. Nxb6 cxb6 18. Bb5+ Kf8 19. Qxd6+ Kg8
20. Qxe5 Rf8 21. Rg1 Rh7 22. a3 Qxf2 23. Rg4 Qd2 24. d4 Qd1+ 25. Ka2 Qxg4 26.
d5 Qg5 27. Qd4 h5 28. Bc4 Rh6 29. d6 Qc5 30. Qxc5 bxc5 31. d7 Rd6 32. Bb5 a6
33. e5 axb5 34. exd6 Rd8 35. b4 cxb4 36. c4 bxc4 37. h4 bxa3 38. Kxa3 Rxd7 39.
Kb4 b5 40. Kc3 Rxd6 41. Kb4 f5 42. Kc3 f4 43. Kb4 f3 44. Kc3 f2 45. Kb4 f1=Q
46. Kc5 Qd3 47. Kb4 Ra6 48. Kc5 g6 49. Kb4 Qa3+ 50. Kxb5 Qa5+ 51. Kxc4 Rd6 52.
Kb3 Qb5+ 53. Kc3 Qc5+ 54. Kb3 Rb6+ 55. Ka4 Qb4# 0-1

[Event "DEM U10 2011"]
[Site "Oberhof GER"]
[Date "2011.06.13"]
[Round "4"]
[White "Pajeken, Jakob Leon"]
[Black "Könze, Heike"]
[Result "1-0"]
[Termination "normal"]
[Board "36"]
[WhiteElo "915"]
[BlackElo "1093"]
[PlyCount "55"]
[WhiteFideId "12942839"]
[BlackFideId "12964476"]
[EventCountry "GER"]
[EventRounds "11"]
[EventType "swiss"]
[EventDate "2011.06.11"]

1. e4 d6 2. d4 Nf6 3. Nc3 g6 4. Bc4 Bg7 5. Qe2 c5 6. e5 dxe5 7. dxe5 Nh5 8. g4
b6 9. Bd5 Ba6 10. Qe3 Qd7 11. gxh5 Bb7 12. Qf3 Bxd5 13. Qxd5 Qxd5 14. Nxd5 Na6
15. Nf3 O-O 16. h6 Bf6 17. exf6 exf6 18. Nxf6+ Kh8 19. b3 Rfd8 20. Ng5 Rf8 21.
Bb2 Rad8 22. Nd5+ f6 23. Bxf6+ Rxf6 24. Nxf6 Rf8 25. O-O-O Nb4 26. Nf7+ Rxf7
27. Rd8+ Rf8 28. Rxf8# 1-0

[Event "DEM U10 2011"]
[Site "Oberhof GER"]
[Date "2011.06.13"]
[Round "4"]
[White "Demme, Miriam"]
[Black "Bureik, Nicolas"]
[Result "1-0"]
[Termination "normal"]
[Board "37"]
[WhiteElo "1086"]
[BlackElo "861"]
[PlyCount "149"]
[WhiteFideId "12966703"]
[BlackFideId "12971863"]
[EventCountry "GER"]
[EventRounds "11"]
[EventType "swiss"]
[EventDate "2011.06.11"]

1. e4 d5 2. exd5 Qxd5 3. Nc3 Qd6 4. d4 Nf6 5. Nf3 a6 6. Bd3 Nbd7 7. O-O b5 8.
Ne4 Qc6 9. Re1 e6 10. Ne5 Qd5 11. Nxf6+ Nxf6 12. c3 Bb7 13. f3 g5 14. Be4 Nxe4
15. fxe4 Qd8 16. Rf1 f6 17. Qh5+ Ke7 18. Nf7 Qe8 19. d5 Qxf7 20. Qxf7+ Kxf7 21.
Bxg5 Bg7 22. e5 Bxd5 23. exf6 h6 24. fxg7+ Kxg7 25. Bf6+ Kh7 26. Bxh8 Rxh8 27.
Rf7+ Kg6 28. Rxc7 Rg8 29. g3 Re8 30. b3 e5 31. c4 bxc4 32. bxc4 Bf3 33. Rd7 Re6
34. Rd8 Kh5 35. Kf2 e4 36. Ke3 Kg4 37. Rg8+ Kh3 38. Rc1 Kxh2 39. c5 Rc6 40. g4
Kh3 41. Rc3 Bxg4 42. Kxe4+ Kh4 43. Kd5 Rf6 44. c6 Bf3+ 45. Ke5 Rxc6 46. Rxf3
Rc5+ 47. Kd4 Ra5 48. Rf1 Ra4+ 49. Kc5 Ra5+ 50. Kb6 Ra3 51. Kc5 Rc3+ 52. Kd4 Ra3
53. Rh8 h5 54. Rg8 Ra4+ 55. Kc5 Ra3 56. Rh1+ Rh3 57. Rxh3+ Kxh3 58. Ra8 h4 59.
Rxa6 Kg3 60. Rh6 h3 61. Rxh3+ Kxh3 62. a4 Kg4 63. a5 Kf3 64. a6 Ke3 65. a7 Kf4
66. a8=Q Ke3 67. Qa4 Kf3 68. Kd5 Ke3 69. Qd4+ Kf3 70. Ke5 Kg3 71. Qf4+ Kg2 72.
Ke4 Kh1 73. Qg4 Kh2 74. Kf3 Kh1 75. Qg2# 1-0

[Event "DEM U10 2011"]
[Site "Oberhof GER"]
[Date "2011.06.13"]
[Round "4"]
[White "Volkov, Michael"]
[Black "Flach, Helene"]
[Result "0-1"]
[Termination "normal"]
[Board "38"]
[WhiteElo "1056"]
[BlackElo "849"]
[PlyCount "140"]
[BlackFideId "12929735"]
[EventCountry "GER"]
[EventRounds "11"]
[EventType "swiss"]
[EventDate "2011.06.11"]

1. e4 e5 2. Nf3 Nc6 3. Bc4 Bc5 4. O-O Nf6 5. d3 h6 6. Re1 d6 7. h3 Be6 8. Bxe6
fxe6 9. Be3 Qe7 10. Bxc5 dxc5 11. Nbd2 O-O-O 12. Nc4 Qf7 13. Ncxe5 Nxe5 14.
Nxe5 Qe7 15. Ng6 Qe8 16. Nxh8 Qxh8 17. Qe2 Qe8 18. Qd2 Qc6 19. f3 c4 20. d4 Qb6
21. c3 e5 22. Kh1 exd4 23. Qc2 d3 24. Qd2 Nh5 25. Kh2 Qd6+ 26. Kg1 Qg3 27. Qf2
Qf4 28. Qxa7 d2 29. Red1 Qg3 30. Qf2 Qg5 31. b3 Qa5 32. Rxd2 Qxc3 33. Rxd8+
Kxd8 34. Rf1 Nf4 35. Qh4+ Qf6 36. Qxf6+ gxf6 37. Kf2 b5 38. bxc4 bxc4 39. Rc1
Nd3+ 40. Ke2 Nxc1+ 41. Kd2 Nxa2 42. g4 c3+ 43. Kc2 Ke7 44. Kb3 Nc1+ 45. Kxc3
Ne2+ 46. Kc4 Ng1 47. f4 Nxh3 48. f5 Nf2 49. e5 fxe5 50. Kd5 Nxg4 51. Ke4 Kf6
52. Kf3 h5 53. Kg3 c5 54. Kf3 c4 55. Ke2 h4 56. Kf3 Kxf5 57. Ke2 h3 58. Kf1 c3
59. Ke1 h2 60. Ke2 h1=Q 61. Kd3 Qe4+ 62. Kxc3 Qd4+ 63. Kb3 Ne3 64. Ka3 Nc4+ 65.
Kb3 Qd3+ 66. Kb4 Ke6 67. Ka4 Kd5 68. Kb4 e4 69. Kb5 Qb3+ 70. Ka6 Qb6# 0-1

[Event "DEM U10 2011"]
[Site "Oberhof GER"]
[Date "2011.06.13"]
[Round "4"]
[White "Pantsernaya, Sofya"]
[Black "Schamber, Dennis"]
[Result "0-1"]
[Termination "normal"]
[Board "39"]
[WhiteElo "769"]
[BlackElo "1039"]
[PlyCount "72"]
[WhiteFideId "12993182"]
[BlackFideId "12952176"]
[EventCountry "GER"]
[EventRounds "11"]
[EventType "swiss"]
[EventDate "2011.06.11"]

1. e4 d5 2. exd5 Qxd5 3. Nc3 Qa5 4. d4 c6 5. Nf3 Bg4 6. Bc4 Nf6 7. Bd2 Qc7 8.
h3 Bh5 9. Qe2 e6 10. g4 Bg6 11. Ne5 Bxc2 12. Nd3 Bxd3 13. Bxd3 Be7 14. O-O-O
Nbd7 15. g5 Nd5 16. Nxd5 cxd5+ 17. Kb1 Qb6 18. b3 O-O-O 19. Bf4 Bd6 20. Rc1+
Kb8 21. Qe3 Rhe8 22. Bxd6+ Qxd6 23. Bb5 a6 24. Ba4 b5 25. Qc3 bxa4 26. Rh2 Rc8
27. Qg3 Rxc1+ 28. Kxc1 Rc8+ 29. Kb1 e5 30. Rh1 Qc7 31. Ka1 axb3 32. Rb1 Ka7 33.
Rxb3 Qc1+ 34. Rb1 Qd2 35. Qa3 Qxd4+ 36. Rb2 Rc1# 0-1

[Event "DEM U10 2011"]
[Site "Oberhof GER"]
[Date "2011.06.13"]
[Round "4"]
[White "Bachmann, Jonas"]
[Black "Merx, Florian"]
[Result "1-0"]
[Termination "normal"]
[Board "41"]
[WhiteElo "1396"]
[BlackElo "1035"]
[PlyCount "53"]
[WhiteFideId "12922919"]
[BlackFideId "16212304"]
[EventCountry "GER"]
[EventRounds "11"]
[EventType "swiss"]
[EventDate "2011.06.11"]

1. e4 e5 2. Nf3 Nc6 3. Bc4 Bc5 4. c3 Nf6 5. d4 exd4 6. cxd4 Bb4+ 7. Bd2 Bxd2+
8. Nbxd2 O-O 9. O-O d6 10. d5 Ne7 11. Re1 Bg4 12. Qb3 Rb8 13. e5 dxe5 14. Nxe5
Bf5 15. d6 cxd6 16. Nxf7 Qa5 17. Nxd6+ Kh8 18. Rxe7 Qxd2 19. Nxf5 Ng4 20. Re2
Qf4 21. Ng3 Nxf2 22. Nh5 Qf5 23. Nxg7 Kxg7 24. Qg3+ Kh8 25. Rxf2 Qc5 26. Qc3+
Rf6 27. Qxf6# 1-0

[Event "DEM U10 2011"]
[Site "Oberhof GER"]
[Date "2011.06.13"]
[Round "4"]
[White "Reuker, Ronja"]
[Black "Cejda, Cecilia"]
[Result "0-1"]
[Termination "normal"]
[Board "42"]
[WhiteElo "730"]
[BlackElo "1130"]
[PlyCount "98"]
[WhiteFideId "12947172"]
[BlackFideId "12921122"]
[EventCountry "GER"]
[EventRounds "11"]
[EventType "swiss"]
[EventDate "2011.06.11"]

1. e4 e5 2. Nf3 Nf6 3. Nxe5 d6 4. Nf3 Nxe4 5. d4 d5 6. Bd3 Bf5 7. O-O Bd6 8.
Re1 O-O 9. Be3 Bg4 10. Nbd2 f5 11. Nf1 f4 12. Bd2 Ng5 13. Be2 Nc6 14. Nxg5 Bxe2
15. Qxe2 Qxg5 16. Qd3 Qg6 17. Qc3 f3 18. Ne3 Bb4 19. Qd3 Qxd3 20. cxd3 Bxd2 21.
Red1 Bxe3 22. fxe3 fxg2 23. Kxg2 Rf7 24. Rf1 Rxf1 25. Kxf1 Nb4 26. Ke2 Rf8 27.
e4 dxe4 28. dxe4 Re8 29. e5 c5 30. dxc5 Rxe5+ 31. Kd2 Rxc5 32. a3 Rc2+ 33. Ke3
Nc6 34. Rb1 Rxh2 35. b4 Ne5 36. b5 Nc4+ 37. Kd3 Nxa3 38. Rb3 Rh3+ 39. Kd4 Rxb3
40. Kc5 Rxb5+ 41. Kd6 g5 42. Kc7 Rb6 43. Kb8 Nb5 44. Ka8 g4 45. Kb8 g3 46. Ka8
g2 47. Kb8 g1=R 48. Kc8 Rd1 49. Kb8 Rd8# 0-1

[Event "DEM U10 2011"]
[Site "Oberhof GER"]
[Date "2011.06.13"]
[Round "4"]
[White "Kobald, Jacqueline"]
[Black "von Pogrell, Anna"]
[Result "1-0"]
[Termination "normal"]
[Board "45"]
[WhiteElo "806"]
[BlackElo "719"]
[PlyCount "111"]
[WhiteFideId "12988162"]
[EventCountry "GER"]
[EventRounds "11"]
[EventType "swiss"]
[EventDate "2011.06.11"]

1. e4 e5 2. Nf3 Nc6 3. Bc4 Bc5 4. d3 d6 5. Nc3 Nf6 6. Bg5 Bg4 7. Nd5 O-O 8.
Nxf6+ gxf6 9. Bh6 Re8 10. h3 Be6 11. Nh4 Kh8 12. Qf3 Rg8 13. O-O-O Nd4 14. Qh5
Qd7 15. g4 Qa4 16. Rd2 Bb4 17. c3 Nb3+ 18. Bxb3 Bxb3 19. axb3 Qa1+ 20. Kc2 Qxh1
21. cxb4 Qxh3 22. Ng6+ fxg6 23. Qxh3 Rac8 24. Rd1 c5 25. b5 a6 26. bxa6 bxa6
27. Ra1 Ra8 28. Qh4 g5 29. Qh5 a5 30. Qf7 Rg6 31. Bf8 Rg8 32. Bxd6 Rad8 33.
Bxc5 Rc8 34. Qc4 Rc7 35. Rxa5 Rgc8 36. Kd2 h6 37. Ra7 Rxa7 38. Bxa7 Rxc4 39.
bxc4 Kh7 40. c5 h5 41. gxh5 Kh6 42. c6 Kxh5 43. c7 Kh4 44. c8=Q g4 45. Qc1 g3
46. fxg3+ Kxg3 47. b4 Kf3 48. Qf1+ Kg4 49. b5 f5 50. exf5 e4 51. dxe4 Kg5 52.
b6 Kh4 53. b7 Kg3 54. b8=Q+ Kh4 55. Qg1 Kh5 56. Qh8# 1-0